00706cam a22002294a 450000100090000000300040000900500170001300800410003001000170007102000280008804000180011604200080013405000210014208200160016310000220017924501070020125000130030826000350032130000330035650400510038970000360044013860158OSt20161109102232.0050203s2006 maua b 001 0 eng  a 2005041576 a0072972807 (alk. paper) aDLCcDLCdDLC apcc00aGV341b.W85 200600a796/.072221 aWuest, Deborah A.10aFoundations of physical education, exercise science, and sport /cDeborah A. Wuest, Charles A. Bucher. a15th ed. aBoston :bMcGraw-Hill,cc2006. axv, 583 p. :bill. ;c24 cm. aIncludes bibliographical references and index.1 aBucher, Charles Augustus,d2006